Design and analysis of experiments (Record no. 506)
[ view plain ]
| 000 -LEADER | |
|---|---|
| fixed length control field | 00455 a2200181 4500 |
| 001 - CONTROL NUMBER | |
| control field | 066452 |
| 003 - CONTROL NUMBER IDENTIFIER | |
| control field | OSt |
| 005 - DATE AND TIME OF LATEST TRANSACTION | |
| control field | 20210929101040.0 |
| 008 - FIXED-LENGTH DATA ELEMENTS--GENERAL INFORMATION | |
| fixed length control field | |
| 082 ## - DEWEY DECIMAL CLASSIFICATION NUMBER | |
| Classification number | 006.312 |
| Item number | M76D |
| 100 1# - MAIN ENTRY--PERSONAL NAME | |
| Personal name | Montgomery, Douglas C. |
| 245 1# - TITLE STATEMENT | |
| Title | Design and analysis of experiments |
| Statement of responsibility, etc | by Douglas C. Montgomery |
| 250 ## - EDITION STATEMENT | |
| Edition statement | 5th ed. |
| 260 ## - PUBLICATION, DISTRIBUTION, ETC. (IMPRINT) | |
| Place of publication, distribution, etc | India |
| Name of publisher, distributor, etc | Wiley |
| Date of publication, distribution, etc | 2010 |
| 300 ## - PHYSICAL DESCRIPTION | |
| Extent | 684p. |
| 690 ## - LOCAL SUBJECT ADDED ENTRY--TOPICAL TERM (OCLC, RLIN) | |
| Topical term or geographic name as entry element | Experimental design |
| 942 ## - ADDED ENTRY ELEMENTS (KOHA) | |
| Source of classification or shelving scheme | Dewey Decimal Classification |
| Koha item type | Books |
| Withdrawn status | Lost status | Damaged status | Not for loan | Collection code | Home library | Current library | Date acquired | Source of acquisition | Cost, normal purchase price | Total Checkouts | Full call number | Barcode | Date last seen | Date checked out | Price effective from | Koha item type |
|---|---|---|---|---|---|---|---|---|---|---|---|---|---|---|---|---|
| General Text Book | Central University Of Rajasthan | Central University Of Rajasthan | 07/03/2012 | STT | 419.00 | 1 | 006.312 M76D | 738 | 05/06/2026 | 20/05/2026 | 02/09/2020 | Books | ||||
| General Text Book | Central University Of Rajasthan | Central University Of Rajasthan | 07/03/2012 | STT | 419.00 | 006.312 M76D | 739 | 21/11/2024 | 02/09/2020 | Books | ||||||
| General Text Book | Central University Of Rajasthan | Central University Of Rajasthan | 07/03/2012 | STT | 419.00 | 006.312 M76D | 740 | 21/11/2024 | 02/09/2020 | Books |
